Niemcy - Kraje związkowe - Statystyki

Ogólne statystyki
  • Ten quiz został rozwiązany 70 razy
  • Średni wynik to 11 z 16
Statystyki odpowiedzi
Kraje związkowe % Poprawnych
Bawaria
93%
Saksonia
87%
Berlin
81%
Hamburg
80%
Brandenburgia
76%
Brema
69%
Nadrenia-Północna Westfalia
63%
Dolna Saksonia
61%
Turyngia
61%
Hesja
59%
Saksonia-Anhalt
59%
Saara
57%
Szlezwik-Holsztyn
57%
Meklemburgia-Pomorze Przednie
52%
Nadrenia-Palatynat
50%
Badenia-Wirtembergia
46%
Nie znaleziono quizów pasujących do podanych kryteriów
Rozkład punktacji
Procent ludzi z każdym wynikiem
Percentyl według liczby udzielonych odpowiedzi
Twoja historia wyników
Nie rozwiązałeś tego quizu